History of mathematics /
Guardado en:
| Autor Principal: | |
|---|---|
| Formato: | Libro |
| Idioma: | English |
| Publicado: |
New York :
Dover,
1958, c1951-1953.
|
| Etiquetas: |
Agregar Etiqueta
Sin Etiquetas, Sea el primero en etiquetar este registro!
|
| LEADER | 00828nam a22002055a 4500 | ||
|---|---|---|---|
| 001 | MAT.inmabb000620 | ||
| 008 | 031118r19581951nyua#####b####001#0#eng#d | ||
| 005 | 20130215163755.0 | ||
| 245 | 1 | 0 | |a History of mathematics / |c by David Eugene Smith. |
| 260 | |a New York : |b Dover, |c 1958, c1951-1953. | ||
| 300 | |a 2 v (ca. 1350 p.) : |b il. ; |c 21 cm. | ||
| 500 | |a "Unaltered and unabridged republication of the last edition." | ||
| 504 | |a Incluye referencias bibliográficas. | ||
| 505 | 0 | |a v. 1. General survey of the history of elementary mathematics -- v. 2. Special topics of elementary mathematics. | |
| 510 | 4 | |a MR, |c 19,1029g | |
| 100 | 1 | |a Smith, David Eugene, |d 1860-1944. | |
| 084 | |a 01A05 |2 msc2000 | ||
| 010 | |a 58011285 | ||
| 859 | |h 01 |i Sm642 |p A-423 |v 1 |3 Vol. 1 |b BIB. MATEMATICA | ||
| 859 | |h 01 |i Sm642 |p A-424 |v 2 |3 Vol. 2 |b BIB. MATEMATICA | ||
